[Event "Czech open A"]
[Site "?"]
[Date "2013.07.23"]
[Round "5.62"]
[White "Dorst, Johannes"]
[Black "Bures, Jaroslav"]
[Result "1/2-1/2"]
[WhiteElo "2236"]
[BlackElo "2379"]
[PlyCount "93"]
[EventDate "2013.??.??"]
[TimeControl "6000+935"]
[WhiteClock "0:26:55"]
[BlackClock "0:41:59"]

1. d4 Nf6 2. c4 e6 3. g3 c5 4. d5 exd5 5. cxd5 d6 6. Nf3 g6 7. Nc3 Bg7 8. Bg2
O-O 9. O-O a6 10. a4 Re8 11. Nd2 Nbd7 12. e4 Ne5 13. Qc2 Nh5 14. Nd1 f5 15. Ne3
f4 16. Nec4 Bg4 17. Nxe5 Bxe5 18. Nf3 Bxf3 19. Bxf3 fxg3 20. hxg3 Qf6 21. Qe2
Ng7 22. Bg4 h5 23. Bh3 g5 24. Ra3 g4 25. Bg2 b5 26. axb5 axb5 27. Qxb5 Rab8 28.
Qd3 Bxb2 29. Bxb2 Rxb2 30. Qc3 Qxc3 31. Rxc3 Re5 32. Ra1 Rb7 33. Ra6 Ne8 34. f4
gxf3 35. Bxf3 Kf8 36. Rca3 Ke7 37. Ra7 Rd7 38. Rxd7+ Kxd7 39. Ra7+ Nc7 40. Kf2
Kc8 41. Ra1 Ne8 42. Ra6 Kb7 43. Rc6 Nf6 44. Rxd6 Nxe4+ 45. Bxe4 Rxe4 46. Rc6 c4
47. Kf3 1/2-1/2

[Event "Czech open A"]
[Site "?"]
[Date "2013.07.23"]
[Round "5.63"]
[White "Wenninger, Philipp"]
[Black "Repkova, Eva"]
[Result "1-0"]
[WhiteElo "2229"]
[BlackElo "2374"]
[PlyCount "63"]
[EventDate "2013.??.??"]
[TimeControl "6000+1905"]
[WhiteClock "0:26:31"]
[BlackClock "0:23:44"]

1. d4 e6 2. c4 Nf6 3. g3 d5 4. Bg2 Be7 5. Nf3 O-O 6. O-O dxc4 7. Qc2 a6 8. Qxc4
b5 9. Qc2 Bb7 10. Bd2 Be4 11. Qc1 Nc6 12. e3 b4 13. Rd1 Qd5 14. Ne1 Bxg2 15.
Nxg2 e5 16. Be1 exd4 17. Nd2 Rfd8 18. Nf4 Qb5 19. Nb3 dxe3 20. Qxe3 Bd6 21.
Rac1 Re8 22. Qf3 Ne5 23. Qg2 Qa4 24. Ra1 Nc4 25. Nd3 Ne4 26. Nd4 Qa5 27. b3 Nb6
28. Bxb4 Bxb4 29. Nc6 Qf5 30. Ndxb4 a5 31. Nc2 Nc3 32. Ne7+ 1-0

[Event "Czech open A"]
[Site "?"]
[Date "2013.07.23"]
[Round "5.64"]
[White "Vyskocil, Neklan"]
[Black "Valli, Frans"]
[Result "1/2-1/2"]
[WhiteElo "2374"]
[BlackElo "2237"]
[PlyCount "66"]
[EventDate "2013.??.??"]
[TimeControl "6000+2130"]
[WhiteClock "0:03:03"]
[BlackClock "0:06:40"]

1. d4 d5 2. c4 c6 3. cxd5 cxd5 4. Nc3 Nf6 5. Bf4 Nc6 6. e3 a6 7. Bd3 Bg4 8.
Nge2 e6 9. O-O Be7 10. Rc1 O-O 11. h3 Bh5 12. a3 Bg6 13. Na4 Nd7 14. Bh2 Nb6
15. Nxb6 Qxb6 16. b4 Rfc8 17. Nc3 a5 18. Na4 Qd8 19. b5 Na7 20. Qb3 Rxc1 21.
Rxc1 Rc8 22. Rb1 Bxd3 23. Qxd3 b6 24. g4 Bd6 25. Bxd6 Qxd6 26. Kg2 Rc4 27. Nb2
Rc7 28. Qb3 Nc8 29. Nd3 f6 30. Rc1 Rxc1 31. Nxc1 Qc7 32. Ne2 Nd6 33. a4 Kf7
1/2-1/2

[Event "Czech open A"]
[Site "?"]
[Date "2013.07.23"]
[Round "5.65"]
[White "Mueer, Sebastian"]
[Black "Sergeyev, Alexander"]
[Result "0-1"]
[WhiteElo "2202"]
[BlackElo "2368"]
[PlyCount "92"]
[EventDate "2013.??.??"]
[TimeControl "6000+1270"]
[WhiteClock "0:16:13"]
[BlackClock "0:32:43"]

1. c4 c6 2. Nf3 d5 3. e3 Nf6 4. Nc3 g6 5. d4 Bg7 6. Bd3 O-O 7. O-O Bg4 8. h3
Bxf3 9. Qxf3 e6 10. Rd1 Nbd7 11. e4 e5 12. Be3 c5 13. Nxd5 Nxd5 14. cxd5 exd4
15. Bf4 a6 16. a4 Rc8 17. b3 Re8 18. Qg3 h6 19. Bd2 Nf6 20. Re1 Nh5 21. Qg4 Nf6
22. Qg3 Nh5 23. Qg4 Nf6 24. Qh4 g5 25. Qg3 Qd7 26. a5 Nh5 27. Qf3 Nf6 28. e5
Nxd5 29. Bf5 Re6 30. h4 gxh4 31. Re4 Ne7 32. Bxe6 Qxe6 33. Rxh4 Rc6 34. Re1 b5
35. b4 Ng6 36. Rhe4 cxb4 37. Rxd4 b3 38. Rb1 b2 39. Rd8+ Kh7 40. Rxb2 Nxe5 41.
Qe4+ f5 42. Qb1 Qf6 43. Rd5 Nf3+ 44. gxf3 Qxb2 45. Qxf5+ Rg6+ 46. Kh2 Qa1 0-1

[Event "Czech open A"]
[Site "?"]
[Date "2013.07.23"]
[Round "5.66"]
[White "Semenova, Elena"]
[Black "Chos, Alexey"]
[Result "0-1"]
[WhiteElo "2152"]
[BlackElo "2362"]
[PlyCount "86"]
[EventDate "2013.??.??"]
[TimeControl "6000+2470"]
[WhiteClock "0:14:45"]
[BlackClock "1:38:14"]

1. e4 d6 2. d4 Nf6 3. Nc3 e5 4. Nf3 Nbd7 5. Bc4 Be7 6. a4 O-O 7. O-O a5 8. h3
c6 9. Re1 Re8 10. Be3 Qc7 11. Ng5 Rf8 12. f4 d5 13. fxe5 dxc4 14. exf6 Bxf6 15.
e5 Bxg5 16. Bxg5 Nb6 17. Qf3 Be6 18. Ne4 Nd5 19. Qg3 f6 20. exf6 Qxg3 21. Nxg3
Rae8 22. fxg7 Kxg7 23. Bd2 b6 24. Re5 Bd7 25. Rae1 Rxe5 26. Rxe5 h6 27. Ne4 Bf5
28. c3 Kg6 29. g4 Bxe4 30. Rxe4 Rf6 31. Re5 Rd6 32. Re8 Kf7 33. Re4 b5 34. axb5
cxb5 35. Bf4 Rf6 36. Bg3 Re6 37. Rxe6 Kxe6 38. Kf2 b4 39. cxb4 c3 40. bxc3 a4
41. b5 a3 42. b6 Nxb6 43. d5+ Nxd5 0-1

[Event "Czech open A"]
[Site "?"]
[Date "2013.07.23"]
[Round "5.67"]
[White "Suran, Jan"]
[Black "Gergel, Vladimir"]
[Result "1-0"]
[WhiteElo "2362"]
[BlackElo "2229"]
[PlyCount "185"]
[EventDate "2013.??.??"]
[TimeControl "6000+1325"]
[WhiteClock "0:02:49"]
[BlackClock "0:04:29"]

1. e4 e5 2. Nf3 Nc6 3. Bb5 a6 4. Ba4 Nf6 5. O-O b5 6. Bb3 Bc5 7. c3 d6 8. d4
Bb6 9. Be3 O-O 10. Nbd2 Re8 11. Re1 h6 12. h3 Bd7 13. Bc2 Nh7 14. Nf1 Nf8 15.
Ng3 Qf6 16. Nh5 Qe7 17. Qd2 Kh7 18. Rad1 Rad8 19. a3 Ng6 20. Bb3 Na5 21. Ba2
Nc4 22. Bxc4 bxc4 23. Ng3 Ba4 24. Rc1 Rb8 25. Qe2 Nf4 26. Bxf4 exf4 27. Nh5 f5
28. e5 dxe5 29. Nxf4 e4 30. Ne5 Bb5 31. Qh5 Qg5 32. Qxg5 hxg5 33. Nd5 Kh6 34.
Ra1 a5 35. Rad1 g6 36. Nf7+ Kg7 37. Nxg5 Ba4 38. Rd2 c6 39. Nxb6 Rxb6 40. Re3
Kf6 41. h4 Reb8 42. Ree2 Rh8 43. g3 Re8 44. Kg2 Bb3 45. Re1 Ba2 46. Ra1 Bb3 47.
Re1 Reb8 48. f3 Ba2 49. Ra1 Bb3 50. fxe4 Ba4 51. b4 cxb3 52. e5+ Ke7 53. Rb2
Bb5 54. Rd1 Bc4 55. a4 Rd8 56. Kf2 Rb7 57. Ke3 Rbd7 58. Nh3 Rg8 59. Rdd2 Rb7
60. Ng5 Rbb8 61. Nh3 Rbf8 62. Rh2 Rf7 63. Ng5 Rfg7 64. Nf3 Be6 65. Kd3 Rf8 66.
Ng5 Bg8 67. e6 f4 68. gxf4 Rxf4 69. Rxb3 Kd6 70. Ke3 Rf1 71. Rf2 Rh1 72. c4
Rxh4 73. Ne4+ Rxe4+ 74. Kxe4 Bxe6 75. c5+ Kc7 76. Rb6 Bc8 77. Rf6 Bb7 78. Rb2
Bc8 79. Rb6 Bb7 80. Rb2 Bc8 81. Kf3 Bf5 82. Rb6 Bd7 83. Ra6 Kb7 84. Rb6+ Kc7
85. Ra6 Kb7 86. Rxa5 g5 87. Kg2 Re7 88. Rf2 Re4 89. Rb2+ Kc8 90. Ra8+ Kc7 91.
Ra7+ Kd8 92. Rb8+ Ke7 93. d5 1-0

[Event "Czech open A"]
[Site "?"]
[Date "2013.07.23"]
[Round "5.68"]
[White "Yefimov, Mstislav"]
[Black "Cerveny, Martin"]
[Result "0-1"]
[WhiteElo "2137"]
[BlackElo "2357"]
[PlyCount "114"]
[EventDate "2013.??.??"]
[TimeControl "6000+1605"]
[WhiteClock "0:11:47"]
[BlackClock "0:46:47"]

1. d4 d5 2. c4 c6 3. cxd5 cxd5 4. Bf4 Nf6 5. Nc3 Nc6 6. e3 a6 7. Bd3 g6 8. h3
Bg7 9. Nf3 O-O 10. O-O Re8 11. Bh2 Bf5 12. Bxf5 gxf5 13. Ne2 Rc8 14. Rc1 Qb6
15. b3 e6 16. Ne5 Nb4 17. a3 Nc6 18. Qd3 Bf8 19. b4 Nxe5 20. Bxe5 Nd7 21. Bh2
Bd6 22. Nf4 Bxf4 23. Bxf4 Qb5 24. Qxb5 axb5 25. Bc7 f6 26. Rfd1 Kf7 27. Kf1 Rg8
28. g3 h5 29. h4 Ra8 30. Rc3 Rgc8 31. Rdc1 Ra6 32. Ke2 Ke8 33. Kf3 Nf8 34. Rc5
Rc6 35. Rxc6 bxc6 36. Bd6 Ng6 37. Ke2 Kd7 38. Bc5 Ra8 39. Rc3 e5 40. f4 Re8 41.
Kf2 Nh8 42. dxe5 fxe5 43. fxe5 Nf7 44. Kf3 Nxe5+ 45. Kf4 Ke6 46. Bd4 Nc4 47.
Kg5 Rg8+ 48. Kxh5 Rxg3 49. Kh6 Kf7 50. h5 Kg8 51. e4 Rg4 52. e5 Rxd4 53. Kg5
Re4 54. Kxf5 Rxe5+ 55. Kf6 Re3 56. Rc1 d4 57. Rg1+ Kh8 0-1

[Event "Czech open A"]
[Site "?"]
[Date "2013.07.23"]
[Round "5.69"]
[White "Dauth, Benjamin"]
[Black "Gallien, Fabian"]
[Result "1-0"]
[WhiteElo "2349"]
[BlackElo "2213"]
[PlyCount "73"]
[EventDate "2013.??.??"]
[TimeControl "6000+870"]
[WhiteClock "0:10:18"]
[BlackClock "0:00:37"]

1. e4 e5 2. Bc4 Nf6 3. d3 c6 4. Qe2 Bc5 5. Nf3 d6 6. c3 Qe7 7. b4 Bb6 8. a4 a6
9. O-O Be6 10. Nbd2 Nbd7 11. Ba2 h6 12. Nh4 g6 13. Bxe6 Qxe6 14. Nc4 Bc7 15. f4
Qg4 16. Qe1 O-O-O 17. h3 Qh5 18. fxe5 dxe5 19. b5 g5 20. bxa6 b5 21. axb5 cxb5
22. Nf5 bxc4 23. Ne7+ Kb8 24. Be3 Ka8 25. a7 Rhe8 26. Nc6 Re6 27. Nxd8 Bxd8 28.
dxc4 g4 29. Qd1 Bc7 30. Rf5 Qg6 31. h4 Rd6 32. Qf1 Nxe4 33. Rxf7 Nef6 34. c5
Re6 35. Qb5 Qe4 36. Rxd7 Qxe3+ 37. Kh1 1-0

[Event "Czech open A"]
[Site "?"]
[Date "2013.07.23"]
[Round "5.70"]
[White "Kislik, Erik Andrew"]
[Black "Nguyen, Thai Dai Van"]
[Result "1-0"]
[WhiteElo "2345"]
[BlackElo "2176"]
[PlyCount "99"]
[EventDate "2013.??.??"]
[TimeControl "6000+760"]
[WhiteClock "0:55:37"]
[BlackClock "0:37:26"]

1. d4 d5 2. c4 e6 3. Nf3 Nf6 4. Nc3 Be7 5. Bf4 O-O 6. Rc1 c6 7. e3 Nbd7 8. h3
b6 9. cxd5 exd5 10. Bd3 Bb7 11. O-O Rc8 12. Qe2 a5 13. Rfd1 c5 14. Ba6 Bxa6 15.
Qxa6 c4 16. Qb5 Nb8 17. Bg5 Qd7 18. Qxb6 Nc6 19. Ne5 Qe6 20. Bxf6 Bxf6 21. Nxc6
Rxc6 22. Qxa5 Rd8 23. Qa4 Rb6 24. Qc2 Rdb8 25. Na4 Rb4 26. Nc5 Qc6 27. b3 Be7
28. Nd3 R4b7 29. bxc4 Ba3 30. cxd5 Qxd5 31. Rb1 g6 32. Nf4 Qd7 33. Rb3 Rxb3 34.
axb3 Qb7 35. Rb1 Rc8 36. Qd1 Qb5 37. Qd3 Qa5 38. Ra1 Rc1+ 39. Rxc1 Bxc1 40. Qd1
Bb2 41. Nd3 Ba3 42. Qa1 Qd2 43. Qxa3 Qxd3 44. Qb2 g5 45. b4 h5 46. b5 g4 47.
hxg4 hxg4 48. g3 f5 49. b6 f4 50. exf4 1-0

[Event "Czech open A"]
[Site "?"]
[Date "2013.07.23"]
[Round "5.71"]
[White "Grigorian, Spartak"]
[Black "Krapivin, Vladislav"]
[Result "1/2-1/2"]
[WhiteElo "2131"]
[BlackElo "2340"]
[PlyCount "71"]
[EventDate "2013.??.??"]
[TimeControl "6000+940"]
[WhiteClock "0:29:01"]
[BlackClock "0:18:25"]

1. d4 Nf6 2. c4 d6 3. Nf3 Nbd7 4. Nc3 c6 5. e4 e5 6. Be2 Be7 7. O-O O-O 8. Be3
Ng4 9. Bc1 a6 10. d5 cxd5 11. cxd5 b5 12. b4 Nb6 13. a4 bxa4 14. Nxa4 f5 15.
exf5 Bxf5 16. Nd2 Nf6 17. Nxb6 Qxb6 18. Nc4 Qd4 19. Be3 Qxd5 20. Nb6 Qxd1 21.
Rfxd1 Rab8 22. h3 Be6 23. Rxa6 Rfd8 24. Nc4 Nd5 25. Bd2 Kf7 26. b5 Nc7 27. Ra7
Nxb5 28. Nxe5+ dxe5 29. Rxe7+ Kxe7 30. Bg5+ Ke8 31. Rxd8+ Rxd8 32. Bxb5+ Bd7
33. Bxd8 Bxb5 34. Bc7 e4 35. Be5 Kf7 36. g3 1/2-1/2

[Event "Czech open A"]
[Site "?"]
[Date "2013.07.23"]
[Round "5.72"]
[White "Stromboli, Ettore"]
[Black "Kearns, Christopher"]
[Result "1/2-1/2"]
[WhiteElo "2335"]
[BlackElo "2129"]
[PlyCount "90"]
[EventDate "2013.??.??"]
[TimeControl "6000+1515"]
[WhiteClock "0:30:06"]
[BlackClock "0:20:27"]

1. e4 c5 2. Nf3 Nc6 3. d4 cxd4 4. Nxd4 Nf6 5. Nc3 e6 6. Ndb5 Bc5 7. Nd6+ Ke7 8.
Nxc8+ Rxc8 9. Be2 Bb4 10. Bd2 d5 11. exd5 Nxd5 12. Nxd5+ Qxd5 13. c3 Rhd8 14.
Bf3 Qe5+ 15. Qe2 Bc5 16. Rd1 Qxe2+ 17. Bxe2 h6 18. O-O Rd7 19. Bc1 Rcd8 20.
Rfe1 Rxd1 21. Rxd1 Rxd1+ 22. Bxd1 f5 23. Bc2 Ne5 24. h3 g5 25. Kf1 Kf6 26. Ke2
Ng6 27. g3 h5 28. b4 Bd6 29. Be3 b6 30. Bd2 h4 31. Be1 Bc7 32. a4 Bd6 33. Kf1
Ne5 34. Kg2 g4 35. Bd2 gxh3+ 36. Kxh3 hxg3 37. fxg3 Nc4 38. Bc1 Be5 39. Bd3 Nd6
40. Bd2 Ne8 41. Kg2 Nc7 42. Kf3 Bd6 43. c4 e5 44. Bc3 Kg5 45. Bd2+ Kf6 1/2-1/2

[Event "Czech open A"]
[Site "?"]
[Date "2013.07.23"]
[Round "5.73"]
[White "Hampel, Felix"]
[Black "Migot, Tangi"]
[Result "1-0"]
[WhiteElo "2121"]
[BlackElo "2331"]
[PlyCount "69"]
[EventDate "2013.??.??"]
[TimeControl "6000+1355"]
[WhiteClock "0:14:35"]
[BlackClock "0:02:38"]

1. Nf3 Nf6 2. c4 g6 3. Nc3 d5 4. d4 Bg7 5. cxd5 Nxd5 6. e4 Nxc3 7. bxc3 O-O 8.
Rb1 c5 9. Be2 b6 10. O-O Qc7 11. Bg5 Nc6 12. d5 Ne5 13. c4 f5 14. exf5 Bxf5 15.
Rb3 Qd6 16. Bf4 Nxf3+ 17. Rxf3 e5 18. Bg3 h5 19. Re3 Rae8 20. Bd3 Bh6 21. Re2
Qf6 22. Rfe1 Bxd3 23. Qxd3 Bg7 24. f3 Qg5 25. Re4 Kh7 26. Qe2 Rf5 27. f4 exf4
28. Rxe8 fxg3 29. hxg3 Bd4+ 30. Kh2 Bg7 31. Qe3 Qg4 32. Re4 Bd4 33. Rxg4 Bxe3
34. Re4 Bg5 35. Re5 1-0

[Event "Czech open A"]
[Site "?"]
[Date "2013.07.23"]
[Round "5.74"]
[White "Konguvel, Ponnuswamy"]
[Black "Walter, Florian"]
[Result "1-0"]
[WhiteElo "2319"]
[BlackElo "2117"]
[PlyCount "57"]
[EventDate "2013.??.??"]
[TimeControl "6000+1000"]
[WhiteClock "0:11:59"]
[BlackClock "0:18:42"]

1. e4 g6 2. d4 Bg7 3. Nc3 d6 4. Be3 a6 5. Qd2 Nd7 6. h4 h6 7. f4 e6 8. h5 gxh5
9. e5 Ne7 10. Rxh5 Nb6 11. O-O-O Nbd5 12. Bf2 Nxc3 13. Qxc3 Nd5 14. Qd2 Bf8 15.
Nf3 b6 16. c4 Ne7 17. Bh4 Bb7 18. d5 exd5 19. cxd5 Qd7 20. Bf6 Rg8 21. Bxe7
Qxe7 22. Nd4 Qd7 23. e6 Qa4 24. exf7+ Kxf7 25. Rf5+ Kg6 26. Qd3 Qxd4 27. Qxd4
Kxf5 28. Bd3+ Kg4 29. f5+ 1-0

[Event "Czech open A"]
[Site "?"]
[Date "2013.07.23"]
[Round "5.75"]
[White "Kazakov, Konstantin"]
[Black "Cantoro, Daniele"]
[Result "1/2-1/2"]
[WhiteElo "2307"]
[BlackElo "2108"]
[PlyCount "98"]
[EventDate "2013.??.??"]
[TimeControl "6000+730"]
[WhiteClock "1:43:41"]
[BlackClock "0:12:49"]

1. e4 c5 2. Nf3 Nc6 3. Bb5 g6 4. Bxc6 dxc6 5. h3 Bg7 6. d3 Nf6 7. Nc3 O-O 8.
Be3 b6 9. Qd2 e5 10. Bh6 Qd6 11. O-O-O a5 12. g4 a4 13. Bxg7 Kxg7 14. Nh4 b5
15. f4 b4 16. Ne2 exf4 17. Nf3 Re8 18. e5 Rxe5 19. Nxe5 Qxe5 20. Qxf4 Qxf4+ 21.
Nxf4 g5 22. Ne2 Be6 23. a3 Bd5 24. Rhg1 Bf3 25. Rde1 Nd5 26. axb4 Bxe2 27. Rxe2
cxb4 28. Re5 h6 29. Kd2 a3 30. bxa3 Rxa3 31. Rb1 Ra8 32. Rb3 Kg6 33. Re4 Ra1
34. Rc4 Ra6 35. Rc5 Kf6 36. d4 Ke6 37. Rf3 f6 38. Rf1 Kd7 39. Rf3 Kd6 40. h4
Ra1 41. Rg3 Rf1 42. hxg5 hxg5 43. Ra5 Nc3 44. Kd3 Rd1+ 45. Kc4 Nd5 46. Ra2 Rf1
47. Rb2 Rf4 48. Kd3 Rf1 49. Rb3 Rf2 1/2-1/2

[Event "Czech open A"]
[Site "?"]
[Date "2013.07.23"]
[Round "5.76"]
[White "Mammadov, Zaur"]
[Black "Grabinsky, Vladimir"]
[Result "1-0"]
[WhiteElo "2437"]
[BlackElo "2258"]
[PlyCount "205"]
[EventDate "2013.??.??"]
[TimeControl "6000+1240"]
[WhiteClock "1:01:37"]
[BlackClock "0:01:30"]

1. e4 c5 2. c3 Nf6 3. e5 Nd5 4. Nf3 Nc6 5. Bc4 Nb6 6. Bb3 d5 7. exd6 Qxd6 8.
O-O Bf5 9. d4 e6 10. Na3 a6 11. Be3 cxd4 12. Nxd4 Nxd4 13. Bxd4 O-O-O 14. Qh5
Qc7 15. Bxb6 Qxb6 16. Qxf7 Bxa3 17. bxa3 Rd7 18. Qh5 g6 19. Qh4 h5 20. Rfe1
Rhd8 21. Qb4 Rd6 22. Re3 g5 23. Rae1 Qc6 24. h3 Kb8 25. Qa5 Rg8 26. Qe5 Ka8 27.
Rd1 Rxd1+ 28. Bxd1 g4 29. h4 Rd8 30. Bb3 Qd6 31. Qxd6 Rxd6 32. Kh2 Kb8 33. Kg3
Kc7 34. f3 gxf3 35. gxf3 Kd7 36. Kf4 Ke7 37. Re5 Rc6 38. c4 Kf6 39. Re1 Rd6 40.
Rd1 Rxd1 41. Bxd1 b6 42. Ke3 e5 43. f4 Bg6 44. a4 a5 45. a3 Be8 46. Be2 Bg6 47.
Bd1 Be8 48. Bf3 Bg6 49. Bc6 Ke6 50. Be4 Bxe4 51. Kxe4 exf4 52. Kxf4 Kf6 53. Ke4
Ke6 54. Kd3 Ke5 55. Ke3 Kf5 56. Kd4 Kg4 57. Kd5 Kxh4 58. Kc6 Kg3 59. Kxb6 h4
60. c5 h3 61. c6 h2 62. c7 h1=Q 63. c8=Q Qe1 64. Qc5 Qd2 65. Ka6 Kh3 66. Qh5+
Kg3 67. Qxa5 Qd6+ 68. Qb6 Qxa3 69. a5 Qe7 70. Qb7 Qc5 71. Qb5 Qc7 72. Qd5 Qc8+
73. Kb6 Qb8+ 74. Qb7 Qd6+ 75. Ka7 Qc5+ 76. Qb6 Qe7+ 77. Ka8 Qe4+ 78. Qb7 Qd4
79. a6 Kh4 80. Qe7+ Kh5 81. a7 Qb6 82. Qe5+ Kh4 83. Qd5 Kg4 84. Qe4+ Kg5 85.
Qg2+ Kf5 86. Qh3+ Kg5 87. Qg3+ Kf5 88. Qg2 Kf4 89. Qb7 Qe6 90. Qc7+ Ke3 91. Kb7
Qe4+ 92. Qc6 Qe7+ 93. Kb6 Qb4+ 94. Kc7 Qe7+ 95. Qd7 Qc5+ 96. Kd8 Qa5+ 97. Ke8
Qh5+ 98. Qf7 Qb5+ 99. Kf8 Qb2 100. a8=Q Qh8+ 101. Qg8 Qf6+ 102. Ke8 Qe5+ 103.
Kd7 1-0

[Event "Czech open A"]
[Site "?"]
[Date "2013.07.23"]
[Round "5.77"]
[White "Chetverik, Maxim"]
[Black "Zwardon, Vojtech"]
[Result "0-1"]
[WhiteElo "2264"]
[BlackElo "2391"]
[PlyCount "66"]
[EventDate "2013.??.??"]
[TimeControl "6000+1010"]
[WhiteClock "0:02:10"]
[BlackClock "0:45:56"]

1. d4 Nf6 2. c4 e5 3. dxe5 Ng4 4. Bf4 g5 5. Bd2 Nxe5 6. Nf3 Bg7 7. Nxe5 Bxe5 8.
Bc3 Nc6 9. Bxe5 Nxe5 10. Nc3 d6 11. e3 Be6 12. Rc1 Qd7 13. Nb5 a6 14. Nd4 O-O-O
15. Be2 f5 16. f4 Ng4 17. Bxg4 fxg4 18. O-O Qe7 19. Nxe6 Qxe6 20. Rc3 gxf4 21.
exf4 Rde8 22. f5 Qe4 23. Qd2 Rhf8 24. f6 Re6 25. c5 Rfxf6 26. Rxf6 Rxf6 27. Re3
Qf5 28. h3 Qxc5 29. Kh2 gxh3 30. Re8+ Kd7 31. Qe2 hxg2 32. Re7+ Kc6 33. Qxg2+
Kb6 0-1

[Event "Czech open A"]
[Site "?"]
[Date "2013.07.23"]
[Round "5.78"]
[White "Nun, Jiri"]
[Black "Goebel, Constantin"]
[Result "1-0"]
[WhiteElo "2387"]
[BlackElo "2235"]
[PlyCount "99"]
[EventDate "2013.??.??"]
[TimeControl "6000+1330"]
[WhiteClock "0:19:56"]
[BlackClock "0:46:17"]

1. e4 c5 2. Nf3 Nc6 3. Bb5 e6 4. O-O Nge7 5. b3 a6 6. Bxc6 Nxc6 7. Bb2 b5 8. d4
cxd4 9. Nxd4 Bb7 10. Nd2 Qc7 11. N4f3 Nb4 12. Ne1 Bd6 13. g3 h5 14. Bxg7 Rg8
15. Bf6 h4 16. Bxh4 Be5 17. a3 Bxa1 18. Qxa1 Qd6 19. Ndf3 Nc6 20. Nd3 Ne7 21.
Re1 f5 22. Nd2 Ng6 23. Bg5 fxe4 24. Nxe4 Bxe4 25. Rxe4 Qd5 26. Rg4 Qf5 27. Qd1
Ne7 28. h4 Rc8 29. Rf4 Qh7 30. c4 bxc4 31. bxc4 Rb8 32. Kg2 Nf5 33. c5 Rb5 34.
a4 Rb8 35. Rc4 Ne7 36. Bxe7 Qxe7 37. Ne5 Rc8 38. Qh5+ Kd8 39. Nf7+ Kc7 40. Qe5+
Kc6 41. Qe4+ Kc7 42. Qe5+ Kc6 43. Nd6 Rb8 44. Nf5 Qf8 45. Nd4+ Kb7 46. c6+ dxc6
47. Rxc6 Rc8 48. Rxe6 Qc5 49. Re7+ Ka8 50. Qe4+ 1-0

[Event "Czech open A"]
[Site "?"]
[Date "2013.07.23"]
[Round "5.79"]
[White "Gruenter, Martin"]
[Black "Nemcova, Katerina"]
[Result "0-1"]
[WhiteElo "2248"]
[BlackElo "2382"]
[PlyCount "60"]
[EventDate "2013.??.??"]
[TimeControl "6000+2435"]
[WhiteClock "0:00:32"]
[BlackClock "0:04:51"]

1. e4 e5 2. Nf3 Nc6 3. Bc4 Nf6 4. Ng5 d5 5. exd5 Na5 6. Bb5+ c6 7. dxc6 bxc6 8.
Bd3 Nd5 9. Nf3 Bd6 10. O-O O-O 11. Re1 f5 12. Nxe5 Qf6 13. Nc4 Nxc4 14. Bxc4
Qh4 15. Bxd5+ cxd5 16. g3 Qh3 17. Qf3 f4 18. Qxd5+ Kh8 19. Qg2 Qh5 20. Nc3 Bg4
21. Qd5 Qh3 22. Qg2 Qh5 23. Qd5 Rae8 24. Rf1 Be5 25. d4 Bf3 26. Qd7 fxg3 27.
fxg3 Bxg3 28. h3 Rd8 29. Qe6 Rfe8 30. Qc4 Qxh3 0-1

[Event "Czech open A"]
[Site "?"]
[Date "2013.07.23"]
[Round "5.80"]
[White "Golubov, Saveliy"]
[Black "Spalir, Jernej"]
[Result "1-0"]
[WhiteElo "2242"]
[BlackElo "2312"]
[PlyCount "69"]
[EventDate "2013.??.??"]
[TimeControl "6000+1225"]
[WhiteClock "0:11:34"]
[BlackClock "0:11:46"]

1. e4 e5 2. Nf3 Nc6 3. Bc4 Bc5 4. c3 Nf6 5. d3 O-O 6. O-O d5 7. exd5 Nxd5 8. h3
Nb6 9. Bb3 Bf5 10. Bc2 a5 11. Be3 Bxe3 12. fxe3 Bg6 13. Qe2 Qe7 14. Nbd2 Rad8
15. e4 f5 16. exf5 Bxf5 17. Rae1 Qc5+ 18. Kh1 h6 19. Ne4 Qb5 20. Bb3+ Kh8 21.
Nfg5 Bg6 22. Rxf8+ Rxf8 23. Ne6 Rc8 24. N4c5 a4 25. Bc4 Nxc4 26. dxc4 Qb6 27.
Nd7 Qa5 28. Qg4 Ne7 29. Rxe5 Qa8 30. Nf4 Bf5 31. Rxf5 Nxf5 32. Qxf5 Re8 33.
Ng6+ Kg8 34. Qd5+ Kh7 35. Qf7 1-0

[Event "Czech open A"]
[Site "?"]
[Date "2013.07.23"]
[Round "5.81"]
[White "Wagener, Claude"]
[Black "Kholopov, Alexander A"]
[Result "1/2-1/2"]
[WhiteElo "2240"]
[BlackElo "2310"]
[PlyCount "117"]
[EventDate "2013.??.??"]
[TimeControl "6000+930"]
[WhiteClock "0:18:10"]
[BlackClock "0:04:18"]

1. e4 c5 2. Nf3 Nc6 3. d4 cxd4 4. Nxd4 Qb6 5. Nb3 Nf6 6. Nc3 e6 7. Bd3 a6 8.
O-O d6 9. Qe2 Be7 10. Bd2 Qc7 11. f4 b5 12. Kh1 O-O 13. a3 Rb8 14. Rae1 Nd7 15.
Rf3 g6 16. Rh3 b4 17. axb4 Nxb4 18. Nb5 axb5 19. Bxb4 Nc5 20. Nd4 e5 21. Nf5
Bf6 22. Nh6+ Kg7 23. f5 Bg5 24. Bd2 f6 25. Rf1 Nxd3 26. Bxg5 fxg5 27. cxd3 Bd7
28. f6+ Rxf6 29. Rxf6 Kxf6 30. Qf2+ Ke7 31. Qf7+ Kd8 32. Qf8+ Be8 33. Rf3 Qe7
34. Qg8 Kc7 35. h3 Bd7 36. Qa2 Be6 37. Qa5+ Rb6 38. Ng4 Kb7 39. Ne3 Qd7 40. Qb4
Ra6 41. Kh2 Ra4 42. Qd2 h5 43. Rf6 g4 44. Qf2 gxh3 45. Rxg6 Ra8 46. Qf6 Bf7 47.
Rg7 Rf8 48. Nf5 Kc6 49. Nh6 hxg2 50. Rxf7 Rxf7 51. Qxf7 Qxf7 52. Nxf7 Kc5 53.
Kxg2 Kd4 54. Nxd6 b4 55. Nc4 Kxd3 56. Nxe5+ Kxe4 57. Nf3 Kd3 58. Ne1+ Kd2 59.
Kf2 1/2-1/2

[Event "Czech open A"]
[Site "?"]
[Date "2013.07.23"]
[Round "5.82"]
[White "Grigoriev, Evgeny"]
[Black "Tomazini, Aljosa"]
[Result "1/2-1/2"]
[WhiteElo "2235"]
[BlackElo "2306"]
[PlyCount "59"]
[EventDate "2013.??.??"]
[TimeControl "6000+830"]
[WhiteClock "0:34:54"]
[BlackClock "0:21:34"]

1. Nf3 Nf6 2. c4 c5 3. Nc3 d5 4. cxd5 Nxd5 5. e4 Nxc3 6. dxc3 Qc7 7. Be3 Bd7 8.
a4 Bc6 9. Bb5 Nd7 10. Nd2 g6 11. Qb3 Bg7 12. Bxc6 Qxc6 13. Qb5 Qc7 14. O-O O-O
15. Nc4 a6 16. Qb3 b6 17. f3 Rab8 18. Rfd1 Ne5 19. Nxe5 Bxe5 20. h3 Rfd8 21.
Rxd8+ Rxd8 22. Rd1 Rd6 23. Rd5 Bh2+ 24. Kf1 e6 25. Rxd6 Qxd6 26. Ke2 Kg7 27.
Qc4 Qg3 28. Kf1 Qd6 29. Ke2 Qg3 30. Kf1 1/2-1/2

[Event "Czech open A"]
[Site "?"]
[Date "2013.07.23"]
[Round "5.83"]
[White "Matsenko, Andrei"]
[Black "Musaev, Rasul"]
[Result "1-0"]
[WhiteElo "2235"]
[BlackElo "2300"]
[PlyCount "119"]
[EventDate "2013.??.??"]
[TimeControl "6000+1415"]
[WhiteClock "0:27:30"]
[BlackClock "0:13:24"]

1. e4 e6 2. d4 d5 3. Nd2 Nc6 4. Ngf3 Nf6 5. e5 Nd7 6. Be2 f6 7. exf6 Qxf6 8.
Nf1 Bd6 9. Ne3 O-O 10. O-O Qg6 11. b3 Nf6 12. Bb2 Ne4 13. c4 Bf4 14. cxd5 exd5
15. Nxd5 Bh3 16. Nxf4 Rxf4 17. Ne1 Raf8 18. f3 Nd6 19. Bd3 Bf5 20. Qd2 Rh4 21.
Qf2 Rf4 22. Qe3 Rh4 23. Qf2 Rf4 24. Bxf5 Qxf5 25. Rd1 Qg6 26. Qg3 Qxg3 27. hxg3
R4f7 28. Nc2 Re8 29. Rfe1 Rfe7 30. Kf2 Rxe1 31. Rxe1 Rxe1 32. Kxe1 Kf7 33. g4
g6 34. Kd2 Ke6 35. Kd3 Ne8 36. g5 Ne7 37. g4 Nd5 38. Bc1 c6 39. Bd2 Nd6 40. Na3
Nf7 41. Nc4 Nd6 42. Nxd6 Kxd6 43. f4 Ke6 44. Ke4 Ne7 45. Bb4 Nd5 46. f5+ Kf7
47. Bd2 Ke7 48. Ke5 Kd7 49. a4 b6 50. Bc1 a6 51. Ba3 b5 52. axb5 axb5 53. Bc5
Ke8 54. Ke6 Nf4+ 55. Kd6 Nh3 56. Kxc6 Nxg5 57. fxg6 hxg6 58. d5 Nf7 59. Bd4 b4
60. Bf6 1-0